ਸਵਾਲ-ਦਰ-ਸਵਾਲ / (Record no. 71598)

MARC details
000 -LEADER
fixed length control field 01164nam a22002537a 4500
005 - DATE AND TIME OF LATEST TRANSACTION
control field 20130403114143.0
008 - FIXED-LENGTH DATA ELEMENTS--GENERAL INFORMATION
fixed length control field 090728t xxu||||| |||| 00| 0 pun d
010 ## - LCCN (DPL NO)
LC control number PUN-7486 B-493554-558
020 ## - INTERNATIONAL STANDARD BOOK NUMBER
Terms of availability 400.00
International Standard Book Number 9788182992627
035 ## - SYSTEM CONTROL NUMBER
System control number PN-6604 B-493554-558
037 ## - SOURCE OF ACQUISITION
Source of stock number/acquisition DBAD / PUB/Arsee Publishers
037 ## - SOURCE OF ACQUISITION
Source of stock number/acquisition BPPD/Star Publications
040 ## - CATALOGING SOURCE
Original cataloging agency dpl
Language of cataloging PN
082 ## - DEWEY DECIMAL CLASSIFICATION NUMBER
Classification number
100 ## - MAIN ENTRY--PERSONAL NAME
9 (RLIN) 37323
Personal name ਚੱਟੋਪਾਧਿਆਏ, ਸ਼ਰਤਚੰਦਰ
245 ## - TITLE STATEMENT
Title ਸਵਾਲ-ਦਰ-ਸਵਾਲ /
Statement of responsibility, etc ਸ਼ਰਤਚੰਦਰ ਚੱਟੋਪਾਧਿਆਏ,ਬਲਦੇਵ ਸਿੰਘ 'ਬੱਦਨ' ਦ੍ਵਾਰਾ ਅਨੁਦਿਤ
246 ## - VARYING FORM OF TITLE
Title proper/short title Swal-dar swal
Remainder of title by Sharat Chander chattopadhyay
260 ## - PUBLICATION, DISTRIBUTION, ETC. (IMPRINT)
Place of publication, distribution, etc Delhi
Name of publisher, distributor, etc Arsee Publishers
Date of publication, distribution, etc 2012
270 ## - ADDRESS
City Chandni Chonk
Address Delhi
Telephone number 23280657
Postal code 110006
300 ## - PHYSICAL DESCRIPTION
Extent 272ਪਂ;
Other physical details 22ਸੇਂਮੀ(ਸਜਿਲਦ)
700 ## - ADDED ENTRY--PERSONAL NAME
9 (RLIN) 53424
Personal name ਬਲਦੇਵ ਸਿੰਘ 'ਬੱਦਨ'
942 ## - ADDED ENTRY ELEMENTS (KOHA)
Source of classification or shelving scheme Dewey Decimal Classification
Item type Punjabi Bks
Classification part
Call number suffix ਚੱਟੋਪਾ
Holdings
Withdrawn status Lost status Source of classification or shelving scheme Damaged status Not for loan Collection code Home library Current library Date acquired Source of acquisition Cost, normal purchase price Total Checkouts Full call number Barcode Date last seen Copy number Cost, replacement price Koha item type
    Dewey Decimal Classification     Fiction Central Library Central Library 03/04/2013 BPPD/PUB 400.00   ਉ ਚੱਟੋਪਾ B-493554 03/04/2013 1 400.00 Punjabi Bks
    Dewey Decimal Classification     Non-fiction D.B.Act.Division D.B.Act.Division 23/11/2012 DBAD / PUB 400.00   ਉ ਚੱਟੋਪਾ PN-6604 23/11/2012 1 400.00 Punjabi Bks
    Dewey Decimal Classification     Fiction Jagrati Enclave Jagrati Enclave 03/04/2013 BPPD/PUB 400.00   ਉ ਚੱਟੋਪਾ B-493558 03/04/2013 1 400.00 Punjabi Bks
    Dewey Decimal Classification     Fiction Mobile Library Mobile Library 03/04/2013 BPPD/PUB 400.00   ਉ ਚੱਟੋਪਾ B-493555 03/04/2013 1 400.00 Punjabi Bks
    Dewey Decimal Classification     Fiction Mobile Library Mobile Library 03/04/2013 BPPD/PUB 400.00   ਉ ਚੱਟੋਪਾ B-493556 03/04/2013 1 400.00 Punjabi Bks
    Dewey Decimal Classification     Fiction Yojana Vihar Yojana Vihar 03/04/2013 BPPD/PUB 400.00   ਉ ਚੱਟੋਪਾ B-493557 03/04/2013 1 400.00 Punjabi Bks

© Delhi Public Library
Hit Counter
free hit counter